Formovanie legislatívnej úpravy cestovného ruchu na Slovensku v rokoch 1918 až 1945

Vývoj cestovného ruchu na Slovensku po rozpade Rakúsko-Uhorska a vzniku Československa. Legislatívne úpravy cestovného ruchu v rokoch 1918-1938. Priaznivé faktory rozvoja cestovného ruchu na Slovensku v období druhej svetovej vojny. Formovanie organizačnej štruktúry cestovného ruchu.

Gespeichert in:
Bibliographische Detailangaben
1. Verfasser: Piteková, Jana
Format: Buchkapitel
Sprache:Slowakisch
Schlagworte:
Tags: Tag hinzufügen
Keine Tags, Fügen Sie das erste Tag hinzu!

MARC

LEADER 00000naa a2200000 4500
001 r033578
005 20230724104549.2
041 0 |a slo 
044 |a SK 
245 1 0 |a Formovanie legislatívnej úpravy cestovného ruchu na Slovensku v rokoch 1918 až 1945  |c Jana Piteková 
520 |a Vývoj cestovného ruchu na Slovensku po rozpade Rakúsko-Uhorska a vzniku Československa. Legislatívne úpravy cestovného ruchu v rokoch 1918-1938. Priaznivé faktory rozvoja cestovného ruchu na Slovensku v období druhej svetovej vojny. Formovanie organizačnej štruktúry cestovného ruchu. 
610 2 0 |a ruch cestovný 
610 2 0 |a legislatíva 
610 2 0 |a Slovensko 
610 2 0 |a úpravy právne 
610 2 0 |a 1918-1945 
610 2 0 |a štruktúra organizačná 
100 1 |a Piteková, Jana